Teoría y política del desarrollo económico
Guardado en:
| Autor principal: | |
|---|---|
| Formato: | Libro |
| Lenguaje: | español |
| Publicado: |
Ciudad de México
Siglo Veintiuno
1968
|
| Colección: | El mundo del hombre. Economía y Demografía
|
| Materias: | |
| Etiquetas: |
Agregar Etiqueta
Sin Etiquetas, Sea el primero en etiquetar este registro!
|
MARC
| LEADER | 00000nam a2200000 a 4500 | ||
|---|---|---|---|
| 001 | UCX5638 | ||
| 003 | CL-VaPUC | ||
| 008 | 921215e19680000MX |||||||||||||||||spa|d | ||
| 082 | 0 | 4 | |a 338.9 |b FUR |2 21 |
| 100 | 0 | |a Furtado, Celso |e author |9 321962 | |
| 245 | 1 | 0 | |a Teoría y política del desarrollo económico |
| 300 | |a 318 p | ||
| 942 | |c BK | ||
| 945 | |d 19921215 00:00:00 | ||
| 260 | |a Ciudad de México |b Siglo Veintiuno |c 1968 | ||
| 650 | 0 | |a Desarrollo económico |9 259599 | |
| 583 | |a last modification |c 19921215 00:00:00 |k Rodrigo Vera | ||
| 490 | 0 | |a El mundo del hombre. Economía y Demografía | |
| 999 | |c 225841 |d 225839 | ||
| 952 | |0 0 |1 0 |4 0 |6 338_900000000000000_FUR_1968 |7 0 |8 A |9 223713 |a BIBHIS |b BIBHIS |d 2019-11-15 |i 2925494 |o 338.9 FUR 1968 |p 2925494 |r 2025-01-20 |w 2019-11-15 |y BK |k HIS | ||